Danilo Dueñas : (Registro nro. 20337)

Detalles MARC
000 -CABECERA
Campo de control 01274nam a2200301 a 4500
005 - FECHA Y HORA DE LA ULTIMA TRANSACCION
Campo de control 20181019150216.0
008 - ELEMENTOS DE LONGITUD FIJA—INFORMACION GENERAL
Campo de control 150316s2014 ck o gr 00010 spa d
020 ## - ISBN
ISBN 9789589726655 (Colección)
020 ## - ISBN
ISBN 9789589726693 (El espesor de la superficie)
040 ## - FUENTE DE CATALOGACIÓN
Agencia catalogadora original CO-BoBLA
Agencia transcriptora CO-BoBLA
Agencia Modificadora CO-BoIAVH
041 0# - IDIOMA
Código de idioma para texto/pista de sonido o título separado Español
044 ## - PAÍS DE PUBLICACIÓN
País de publicación Colombia
082 04 - NUMERO DE CLASIFICACION DECIMAL DEWEY
Número de clasificación 709.8
Número del ítem C29a1
245 10 - MENCION DE TITULO
Título Danilo Dueñas :
Parte restante del título el espesor de la superficie /
Mención de responsabilidad dirección editorial de José Roca y Alejandro Martín ; ensayo por Jens Hoffmann ; traducción Magdalena Holguín
246 30 - FORMA VARIANTE DEL TITULO
Título propiamente dicho/forma breve del título El espesor de la superficie
260 ## - PUBLICACION, DISTRIBUCION, ETC. (PIE DE IMPRENTA)
Lugar de publicación, distribución, etc. Bogotá (Colombia) :
Nombre del editor, distribuidor, etc. Seguros Bolívar,
Fecha de publicación, distribución, etc. 2014.
300 ## - DESCRIPCION FISICA
Extensión 112 páginas :
Otros detalles físicos ilustraciones y fotografías ;
Dimensiones 29 x 25 cm.
490 0# - MENCION DE SERIE
Mención de serie Colección de Arte Contemporáneo Seguros Bolívar
504 ## - NOTA DE BIBLIOGRAFIA, ETC.
Nota de bibliografía Incluye referencias bibliográficas.
600 10 - ASIENTO SECUNDARIO DE MATERIA - NOMBRE PERSONAL
Nombre persona Dueñas, Danilo
Fechas asociadas con el nombre 1956-
Subdivisión general Trabajos artísticos
9 (RLIN) 101377
650 24 - ASIENTO SECUNDARIO DE MATERIA - TERMINO TEMATICO
Término temático o nombre geográfico como elemento de entrada Arte colombiano
Subdivisión de forma Catálogos.
9 (RLIN) 101369
650 24 - ASIENTO SECUNDARIO DE MATERIA - TERMINO TEMATICO
Término temático o nombre geográfico como elemento de entrada Arte abstracto
Subdivisión de forma Catálogos
9 (RLIN) 101378
650 24 - ASIENTO SECUNDARIO DE MATERIA - TERMINO TEMATICO
Término temático o nombre geográfico como elemento de entrada Artistas plásticos colombianos
Subdivisión de forma Catálogos
9 (RLIN) 101370
700 1# - ASIENTO SECUNDARIO - NOMBRE PERSONAL
Nombre personal Dueñas, Danilo
Término de relación ilustrador
9 (RLIN) 101377
Fechas asociadas con el nombre 1956-
700 1# - ASIENTO SECUNDARIO - NOMBRE PERSONAL
9 (RLIN) 101372
Nombre personal Martín, Alejandro
Término de relación editor
700 1# - ASIENTO SECUNDARIO - NOMBRE PERSONAL
Nombre personal Roca, José Ignacio
Término de relación editor
9 (RLIN) 101371
942 ## - ELEMENTOS ADICIONALES (KOHA)
Sistema de clasificación Dewey Decimal Classification
Tipo de ítem Libro
Existencias
Withdrawn status Lost status Sistema de Clasificación Damaged status No para préstamo Colección Inventariado Ubicación Permanente Ubicación actual Fecha de adquisición Total Checkouts Número topográfico Inventario / Código de Barras Date last seen Ejemplar Price effective from Forma de adquisición Tipo de material
    Dewey Decimal Classification     General Inventariado 2018 Bogotá Bogotá 19/10/2018   LB-709.8 C29a1 030353 19/10/2018 Ej. 1 19/10/2018 Donación Libro